000 00384nam a2200157Ia 4500
008 151213s9999 xx 000 0 und d
100 _aP. J. Dowling
245 _aHuman Resource management
_cP. J. Dowling
250 _a2nd
260 _aCalif.
_bWards Warth
_c1994
300 _a2637 p.
650 _aManagement
650 _aManagement
700 _aP. J. Dowling
999 _c1749
_d1749